Statistics for Countries With Exactly 5 Borders

Click here to take the quiz!

General Stats

  • This quiz has been taken 70 times
  • The average score is 19 of 25

Answer Stats

Starts withCountry% Correct
AzAzerbaijan
95%
CrCroatia
91%
UgUganda
91%
CoColombia
89%
SpSpain
89%
UzUzbekistan
89%
ArArgentina
88%
JoJordan
88%
MyMyanmar
88%
KaKazakhstan
86%
RoRomania
86%
SwSwitzerland
86%
SySyria
86%
BoBolivia
83%
BuBulgaria
83%
KeKenya
83%
PePeru
83%
SlSlovakia
83%
BeBelarus
77%
SeSenegal
75%
LaLaos
71%
MoMontenegro
49%
MaMacedonia
48%
CoCote d'ivoire
32%
CoCongo, Republic of
12%

Score Distribution

Percentile by Number Answered

Percent of People with Each Score

Your Score History

You have not taken this quiz